Harry Potter character quiz by picture clue - Statistics

General Stats
  • This quiz has been taken 253 times
  • The average score is 6 of 7
Answer Stats
Picture Answer % Correct
Hermione
95%
Remus
88%
Harry
86%
Sirius
83%
Dumbledore
82%
Ron
82%
Severus
61%
No matching quizzes found
Score Distribution
Percent of People with Each Score
Percentile by Number Answered
Your Score History
You have not taken this quiz